<?xml version="1.0" encoding="UTF-8"?>
<record
    xmlns:xsi="http://www.w3.org/2001/XMLSchema-instance"
    xsi:schemaLocation="http://www.loc.gov/MARC21/slim http://www.loc.gov/standards/marcxml/schema/MARC21slim.xsd"
    xmlns="http://www.loc.gov/MARC21/slim">

  <leader>02767nam a22002537a 4500</leader>
  <controlfield tag="003">OSt</controlfield>
  <controlfield tag="005">20260511111856.0</controlfield>
  <controlfield tag="008">260428b        |||||||| |||| 00| 0 eng d</controlfield>
  <datafield tag="022" ind1=" " ind2=" ">
    <subfield code="a">2156-7077</subfield>
  </datafield>
  <datafield tag="040" ind1=" " ind2=" ">
    <subfield code="a">TBS</subfield>
    <subfield code="b">EN</subfield>
    <subfield code="c">TBS</subfield>
  </datafield>
  <datafield tag="041" ind1=" " ind2=" ">
    <subfield code="a">eng</subfield>
  </datafield>
  <datafield tag="100" ind1=" " ind2=" ">
    <subfield code="a">Gomez-Vasquez, Lina</subfield>
    <subfield code="9">26925</subfield>
    <subfield code="e">author</subfield>
  </datafield>
  <datafield tag="245" ind1=" " ind2=" ">
    <subfield code="a">Personal branding strategies in online hashtag communities</subfield>
    <subfield code="b">: the case of #AcademicTwitter</subfield>
    <subfield code="c">/ Lina Gomez-Vasquez, Laila Forstmane, Carolina Ozi Dias Da Silva O., Enilda Romero-Hall.</subfield>
  </datafield>
  <datafield tag="260" ind1=" " ind2=" ">
    <subfield code="b">Research in Learning Technology,</subfield>
    <subfield code="c">2024.</subfield>
  </datafield>
  <datafield tag="300" ind1=" " ind2=" ">
    <subfield code="a">1&#x2013;17 pages.</subfield>
  </datafield>
  <datafield tag="490" ind1=" " ind2=" ">
    <subfield code="a">Research in Learning Technology</subfield>
    <subfield code="v">vol. 32</subfield>
  </datafield>
  <datafield tag="520" ind1=" " ind2=" ">
    <subfield code="a">Several studies have explored the uses and benefits of social media hashtag communities in higher education&#x2026; Yet, more research is needed to examine communication structures and strategies for personal branding in educational social media hashtag communities. In otherwords, to understand the dynamics, characteristics, and strategies for faculty, university staff, and graduate students need to brand themselves professionally in social media hashtag communities. This research aims to explore social network structures, dynamics, influencer characteristics, and personal branding strategies of the #AcademicTwitter online community. X (formerly known as Twitter) data on #AcademicTwitter from 2021 were retrieved and analysed using social network and quantitative content analysis. Our study found that most of the recurrent users in the community were scholars (faculty and researchers) predominantly from the STEM field. However, the most influential users were media/fan pages (a profile account created for different purposes such as sharing tips in academia, publishers, etc.) and other professionals (freelancers or university staff). Our research sheds light on the current practice of disclosing specific teaching and research interests or expertise in social media bio profiles for personal branding, especially among scholars. Unique communication contexts such as social media hashtag communities still bring challenges to the dissemination of information, relationship building, and personal branding strategies. Our results also provide recommendations for scholars (faculty and researchers), graduate students, university staff, and practitioners to improve communication practices and personal branding strategies on social media hashtag communities.</subfield>
  </datafield>
  <datafield tag="630" ind1=" " ind2="0">
    <subfield code="a">B2 PBT &#x200B;&#x200B;Personal&#xA0;Brand&#x200B; (BiM)</subfield>
    <subfield code="9">26903</subfield>
  </datafield>
  <datafield tag="700" ind1=" " ind2=" ">
    <subfield code="a">Forstmane, Laila</subfield>
    <subfield code="9">26926</subfield>
    <subfield code="e">author</subfield>
  </datafield>
  <datafield tag="700" ind1=" " ind2=" ">
    <subfield code="a">Ozi Dias Da Silva, Carolina</subfield>
    <subfield code="9">26927</subfield>
    <subfield code="e">author</subfield>
  </datafield>
  <datafield tag="700" ind1=" " ind2=" ">
    <subfield code="a">Romero-Hall, Enilda</subfield>
    <subfield code="9">26928</subfield>
    <subfield code="e">author</subfield>
  </datafield>
  <datafield tag="856" ind1=" " ind2=" ">
    <subfield code="u">https://research-ebsco-com.hub.tbs-education.fr/linkprocessor/plink?id=e0a6e5bb-730f-3397-ac72-17a5defe0b65</subfield>
  </datafield>
  <datafield tag="942" ind1=" " ind2=" ">
    <subfield code="2">lcc</subfield>
  </datafield>
  <datafield tag="952" ind1=" " ind2=" ">
    <subfield code="0">0</subfield>
    <subfield code="1">0</subfield>
    <subfield code="2">ddc</subfield>
    <subfield code="4">0</subfield>
    <subfield code="7">0</subfield>
    <subfield code="8">CT</subfield>
    <subfield code="a">TBS</subfield>
    <subfield code="b">TBS</subfield>
    <subfield code="d">2026-05-08</subfield>
    <subfield code="l">0</subfield>
    <subfield code="r">2026-05-08</subfield>
    <subfield code="u">https://research-ebsco-com.hub.tbs-education.fr/linkprocessor/plink?id=e0a6e5bb-730f-3397-ac72-17a5defe0b65</subfield>
    <subfield code="w">2026-05-08</subfield>
    <subfield code="y">ARTICLE</subfield>
  </datafield>
  <datafield tag="999" ind1=" " ind2=" ">
    <subfield code="c">5433</subfield>
    <subfield code="d">5433</subfield>
  </datafield>
</record>
